| 000 | 00889nam a22002177a 4500 | ||
|---|---|---|---|
| 999 |
_c16778 _d16778 |
||
| 003 | AR-CdUCM | ||
| 008 | 190506b ||||| |||| 00| 0 spa d | ||
| 040 |
_aMUNICIPALIDAD PROVINCIAL DEL CUSCO _cBIBLIOTECA MUNICIPAL DEL CUSCO |
||
| 082 |
_a858.83 / _bEC17 |
||
| 100 |
_aEchegaray Barberis, Alba _936434 |
||
| 245 | _aLecturas seleccionadas y adaptadas a la realidad de nuestra admirable tierra el Cusco, con sus mensajes formativos, de la obra "Corazón" del escritor italiano Edmundo de Amicis. Y poemas educativos / | ||
| 260 |
_aCusco : _bTall. Gráf. de Impr. Yáñez, _c1989. |
||
| 300 |
_a44 páginas ; _c22 cm. |
||
| 500 | _aPrimer Premio: Fomento a la Cultura Cusqueña 1989. | ||
| 505 | _aContenido: Cuentos. | ||
| 650 |
_aAdaptaciones literarias _936435 |
||
| 650 |
_aSiglo XX _98 |
||
| 650 |
_aLiteratura Peruana _9132 |
||
| 942 |
_2ddc _cLIBROS |
||
| 945 |
_aachl _d2019-05-06 |
||